[Event "Commonwealth Chess Championship 2008"]
[Site "Nagpur India"]
[Date "2008.09.28"]
[Round "?"]
[White "Ziaur, Rahman"]
[Black "Patil, Anuprita"]
[Result "1-0"]
[WhiteElo "2564"]
[BlackElo "2068"]
[PlyCount "78"]
[EventDate "2008.09.28"]
[Source "MonRoi"]

1. c4 c5 2. Nf3 Nc6 3. g3 g6 4. Bg2 Bg7 5. O-O e6 6. Nc3 Nge7 7. d3 O-O 8. Bd2
d6 9. a3 Rb8 10. Rb1 b6 11. b4 Bb7 12. e4 Ne5 13. Nxe5 dxe5 14. Be3 cxb4 15.
axb4 Nc6 16. b5 Nd4 17. Ne2 Nxe2+ 18. Qxe2 f5 19. Rb3 Rf7 20. Ra3 f4 21. Bc1
Ra8 22. Bb2 Bf8 23. Raa1 Qc7 24. Qg4 Bc8 25. h4 Bc5 26. h5 fxg3 27. Qxg3 Bd4
28. Bxd4 exd4 29. hxg6 hxg6 30. Qxg6+ Rg7 31. Qe8+ Kh7 32. f4 Qf7 33. Qxf7 Rxf7
34. e5 Bb7 35. Bxb7 Rxb7 36. Kf2 Rg7 37. Kf3 Kg8 38. Ke4 Rd8 39. Rg1 Kf7 1-0

[Event "Commonwealth Chess Championship 2008"]
[Site "Nagpur India"]
[Date "2008.09.28"]
[Round "?"]
[White "N, Raghavi"]
[Black "Abhijit, Kunte"]
[Result "0-1"]
[WhiteElo "2064"]
[BlackElo "2554"]
[PlyCount "56"]
[EventDate "2008.09.28"]
[Source "MonRoi"]

1. e4 c5 2. Nf3 e6 3. d3 d5 4. Nbd2 Nc6 5. g3 g6 6. Bg2 Bg7 7. O-O Nge7 8. Re1
b6 9. e5 Qc7 10. Qe2 g5 11. Nxg5 Qxe5 12. Qxe5 Nxe5 13. a4 N5c6 14. c3 Ba6 15.
Bf1 O-O 16. f4 Rfe8 17. Ndf3 h6 18. Nh3 d4 19. c4 Nb4 20. Rb1 Bb7 21. Nd2 Nc2
22. Re2 Ne3 23. Ne4 Rad8 24. b4 Bxe4 25. Rxe3 dxe3 26. dxe4 Rd1 27. Kg2 Bc3 28.
Be2 Re1 0-1

[Event "Commonwealth Chess Championship 2008"]
[Site "Nagpur India"]
[Date "2008.09.28"]
[Round "?"]
[White "Abhijeet, Gupta"]
[Black "M, Suraj"]
[Result "1-0"]
[WhiteElo "2551"]
[BlackElo "2058"]
[PlyCount "57"]
[EventDate "2008.09.28"]
[Source "MonRoi"]

1. d4 d5 2. c4 c6 3. Nc3 Nf6 4. Nf3 a6 5. g3 dxc4 6. a4 Nd5 7. Bg2 b5 8. axb5
Nxc3 9. bxc3 cxb5 10. Ne5 Ra7 11. d5 Bb7 12. O-O Ra8 13. Bf4 Nd7 14. Nc6 Qb6
15. Na5 Nc5 16. Be3 Rb8 17. Qd4 e6 18. Nxb7 Rxb7 19. d6 Qxd6 20. Qxd6 Bxd6 21.
Bxc5 Rd7 22. Rfd1 Ke7 23. Rxd6 Rxd6 24. Rxa6 Rhd8 25. Rb6 e5 26. Bd5 f5 27. f3
R8d7 28. e4 fxe4 29. fxe4 1-0

[Event "Commonwealth Chess Championship 2008"]
[Site "Nagpur India"]
[Date "2008.09.28"]
[Round "?"]
[White "R R, Laxman"]
[Black "Chandrasish, Majumdar"]
[Result "1/2-1/2"]
[WhiteElo "2498"]
[BlackElo "2050"]
[PlyCount "73"]
[EventDate "2008.09.28"]
[Source "MonRoi"]

1. d4 Nf6 2. Nf3 g6 3. c4 Bg7 4. Nc3 O-O 5. e4 d6 6. Bd3 Bg4 7. h3 Bxf3 8. Qxf3
Nfd7 9. d5 Ne5 10. Qg3 Nxd3+ 11. Qxd3 Nd7 12. Bd2 Kh8 13. h4 h6 14. f4 Nf6 15.
h5 Nxh5 16. f5 Nf6 17. fxg6 fxg6 18. e5 dxe5 19. Bxh6 Qe8 20. Qh3 Qd7 21. Bxg7+
Kxg7 22. Qh6+ Kf7 23. Ne4 Nxe4 24. Qh7+ Kf6 25. Qh4+ Kg7 26. Qh7+ Kf6 27. Qh4+
Kg7 28. Qxe4 Qd6 29. O-O-O Rf4 30. Qe2 Qf6 31. g3 Rf2 32. Qe4 Qg5+ 33. Kb1 Qf5
34. Rhe1 Rh8 35. Ka1 Qxe4 36. Rxe4 Rhh2 37. Rxe5 1/2-1/2

[Event "Commonwealth Chess Championship 2008"]
[Site "Nagpur India"]
[Date "2008.09.28"]
[Round "?"]
[White "Priya J, Mohana"]
[Black "Dibyendu, Barua"]
[Result "1/2-1/2"]
[WhiteElo "2048"]
[BlackElo "2497"]
[PlyCount "166"]
[EventDate "2008.09.28"]
[Source "MonRoi"]

1. d4 Nf6 2. c4 b6 3. Nf3 Bb7 4. g3 e6 5. Bg2 Bb4+ 6. Bd2 Qe7 7. O-O Bxd2 8.
Qxd2 d6 9. Nc3 O-O 10. Ne1 Bxg2 11. Nxg2 c5 12. d5 e5 13. e4 Nbd7 14. Rae1 a6
15. Nh4 g6 16. Nf3 b5 17. b3 b4 18. Na4 Ne8 19. h4 Ng7 20. Qg5 f6 21. Qg4 f5
22. exf5 gxf5 23. Qg5 Qe8 24. Kg2 Ra7 25. Nb2 a5 26. Nd3 a4 27. Nf4 Nf6 28. Ne6
Ne4 29. Rxe4 fxe4 30. Nd2 axb3 31. axb3 h6 32. Qg4 Rf6 33. Nxe4 Rg6 34. Nxg7
Raxg7 35. Qf5 Qf8 36. Qxf8+ Kxf8 37. h5 Rg4 38. Nxd6 Ra7 39. Kh3 Rd4 40. Nb5
Ra2 41. Nxd4 exd4 42. f4 Rc2 43. d6 Re2 44. f5 Re8 45. Kg4 Rd8 46. f6 Kf7 47.
Kf4 Rxd6 48. Ke4 Re6+ 49. Kd5 Rxf6 50. Ra1 Rf5+ 51. Ke4 Rxh5 52. Ra7+ Kf6 53.
Ra6+ Kg5 54. Rc6 Kg4 55. Rg6+ Kh3 56. Kf3 Kh2 57. g4 Rh3+ 58. Kf2 Rh4 59. Rc6
h5 60. gxh5 Rxh5 61. Rf6 Kh3 62. Kf3 Kh2 63. Kf2 Rh3 64. Rf5 Rxb3 65. Rh5+ Rh3
66. Rxc5 b3 67. Rg5 Rc3 68. Rh5+ Rh3 69. Rg5 Rh8 70. Rg2+ Kh3 71. Rg3+ Kh4 72.
Rxb3 Kg4 73. c5 Kf4 74. c6 Rh2+ 75. Ke1 Ke4 76. Kd1 Rh1+ 77. Kd2 Rh2+ 78. Kd1
Rh6 79. Rb6 Kd3 80. Rb3+ Kc4 81. Rb6 Rh1+ 82. Kd2 Rh2+ 83. Kd1 Rh7 1/2-1/2

[Event "Commonwealth Chess Championship 2008"]
[Site "Nagpur India"]
[Date "2008.09.28"]
[Round "?"]
[White "Thariani, Rishi"]
[Black "Das, Neelotpal"]
[Result "0-1"]
[WhiteElo "2021"]
[BlackElo "2462"]
[PlyCount "70"]
[EventDate "2008.09.28"]
[Source "MonRoi"]

1. e4 c5 2. c3 d6 3. d4 Nf6 4. Bd3 Qc7 5. Ne2 g6 6. O-O Bg7 7. h3 O-O 8. Be3 b6
9. Nd2 Bb7 10. Rc1 Nbd7 11. Bb1 Rac8 12. f4 Qb8 13. g4 b5 14. Ng3 Nb6 15. g5
Nfd7 16. Qg4 cxd4 17. cxd4 Rxc1 18. Rxc1 Rc8 19. Rf1 Rc7 20. f5 Qc8 21. fxg6
hxg6 22. Qf4 Qe8 23. h4 e5 24. Qf2 exd4 25. Bxd4 Ne5 26. Bxb6 axb6 27. Qxb6 Qd7
28. Kg2 Rc5 29. h5 Ng4 30. Rf3 Bc8 31. hxg6 fxg6 32. a4 Ne5 33. Ba2+ Kh7 34.
Rf1 Qh3+ 35. Kf2 Qh2+ 0-1

[Event "Commonwealth Chess Championship 2008"]
[Site "Nagpur India"]
[Date "2008.09.28"]
[Round "?"]
[White "M R, Venkatesh"]
[Black "Reddy  M, Deepthamsh"]
[Result "1-0"]
[WhiteElo "2462"]
[BlackElo "2017"]
[PlyCount "73"]
[EventDate "2008.09.28"]
[Source "MonRoi"]

1. Nf3 Nf6 2. g3 b6 3. Bg2 Bb7 4. d3 e6 5. e4 d5 6. e5 Nfd7 7. Qe2 c5 8. c4 d4
9. Bf4 Be7 10. h4 Nc6 11. g4 a6 12. Bg3 b5 13. Nbd2 Nb6 14. b3 bxc4 15. Nxc4
Nd5 16. O-O Nc3 17. Qd2 Na5 18. Nd6+ Bxd6 19. exd6 O-O 20. Rfe1 Bd5 21. b4 cxb4
22. Nxd4 Qb6 23. Qf4 Rfd8 24. h5 Bxg2 25. Kxg2 Nd5 26. Qe5 Nc6 27. Nxc6 Qxc6
28. Kh3 Qc3 29. d4 Qf3 30. Rac1 Nf6 31. Qe2 Qxe2 32. Rxe2 Nd5 33. Rc6 Rdc8 34.
Rec2 Nc3 35. Rb6 Nd5 36. Rxa6 Kf8 37. d7 1-0

[Event "Commonwealth Chess Championship 2008"]
[Site "Nagpur India"]
[Date "2008.09.28"]
[Round "?"]
[White "Mukherjee, Devesh"]
[Black "Deep, Sengupta"]
[Result "0-1"]
[WhiteElo "2004"]
[BlackElo "2454"]
[PlyCount "64"]
[EventDate "2008.09.28"]
[Source "MonRoi"]

1. Nf3 g6 2. c4 Bg7 3. d4 d6 4. g3 f5 5. Bg2 Nf6 6. O-O O-O 7. Nc3 Qe8 8. Re1
Qf7 9. Qb3 Ne4 10. Be3 Nxc3 11. bxc3 c6 12. Rac1 h6 13. h4 Nd7 14. Red1 Nf6 15.
c5 Ng4 16. Qxf7+ Kxf7 17. cxd6 exd6 18. Bf4 Re8 19. Bxd6 Rxe2 20. Rd2 Rxd2 21.
Nxd2 Be6 22. Rb1 b6 23. Bxc6 Rd8 24. Bf4 Nf6 25. Be5 Rc8 26. Bb5 Rxc3 27. a4
Bd5 28. Nf1 Ng4 29. Bxg7 Kxg7 30. Re1 Kf6 31. Nh2 Nxh2 32. Kxh2 Rc2 0-1

[Event "Commonwealth Chess Championship 2008"]
[Site "Nagpur India"]
[Date "2008.09.28"]
[Round "?"]
[White "K, Rathnakaran"]
[Black "Pratik, Patil"]
[Result "1-0"]
[WhiteElo "2453"]
[BlackElo "2003"]
[PlyCount "87"]
[EventDate "2008.09.28"]
[Source "MonRoi"]

1. e4 c5 2. Nf3 d6 3. g3 Nf6 4. Nc3 Nc6 5. Bg2 g6 6. O-O Bg7 7. d3 O-O 8. Rb1
Nd7 9. a3 Nd4 10. Nxd4 cxd4 11. Ne2 Nb6 12. c3 dxc3 13. bxc3 d5 14. exd5 Nxd5
15. c4 Nb6 16. Nf4 e5 17. Nd5 Nxd5 18. Bxd5 Rb8 19. Qa4 a6 20. Be3 b5 21. Qb3
Bh3 22. c5 Bxf1 23. Rxf1 Qc7 24. Rc1 Kh8 25. c6 f5 26. Be6 Rfd8 27. a4 Rd6 28.
axb5 axb5 29. Bd5 b4 30. Rc5 Rbd8 31. Bg5 Bf6 32. Bxf6+ Rxf6 33. Qxb4 Rb8 34.
Qc3 Kg7 35. Bf3 Re8 36. Rb5 Qd6 37. Bd5 e4 38. Rb7+ Kh6 39. Rd7 Qe5 40. Qxe5
Rxe5 41. c7 Rf8 42. dxe4 fxe4 43. Rd8 e3 44. fxe3 1-0

[Event "Commonwealth Chess Championship 2008"]
[Site "Nagpur India"]
[Date "2008.09.28"]
[Round "?"]
[White "Sidhant, Mahapatra"]
[Black "Kidambi, Sundararajan"]
[Result "0-1"]
[WhiteElo "1995"]
[BlackElo "2446"]
[PlyCount "106"]
[EventDate "2008.09.28"]
[Source "MonRoi"]

1. e4 c5 2. Nf3 e6 3. d4 cxd4 4. Nxd4 Nf6 5. Nc3 d6 6. Be3 a6 7. g3 b5 8. Bg2
Bb7 9. a3 Nbd7 10. O-O Qc7 11. Re1 Be7 12. f4 O-O 13. f5 e5 14. Nb3 Nc5 15. Nd2
Rac8 16. Kh1 Rfd8 17. Bg5 Ncd7 18. Qe2 h6 19. Be3 Nc5 20. Rad1 Qb8 21. g4 Qa8
22. Bxc5 dxc5 23. h4 Rd6 24. g5 hxg5 25. hxg5 Nh7 26. Nf3 Rcd8 27. Nxe5 Nxg5
28. Ng4 Rxd1 29. Rxd1 Rxd1+ 30. Qxd1 Nxe4 31. Nxe4 Bxe4 32. Qe2 Bxg2+ 33. Qxg2
Qd8 34. Ne3 Bf6 35. c3 Qd3 36. Qg3 Qb1+ 37. Kg2 Qxb2+ 38. Kf3 Qd2 39. Qb8+ Qd8
40. Qxd8+ Bxd8 41. Ke4 Bf6 42. Nd5 a5 43. Kf4 Kh7 44. Kg4 Kh6 45. Kf4 Kh5 46.
Kf3 Be5 47. Ke4 f6 48. Kf3 Kh4 49. Ke3 Kg4 50. Ke4 Kg5 51. c4 bxc4 52. Ne3 c3
53. a4 Bd4 0-1

[Event "Commonwealth Chess Championship 2008"]
[Site "Nagpur India"]
[Date "2008.09.28"]
[Round "?"]
[White "M  S, Thejkumar"]
[Black "D, Yashas"]
[Result "1-0"]
[WhiteElo "2441"]
[BlackElo "1992"]
[PlyCount "97"]
[EventDate "2008.09.28"]
[Source "MonRoi"]

1. d4 Nf6 2. Nf3 e6 3. c4 b6 4. g3 Bb7 5. Bg2 Be7 6. O-O O-O 7. d5 exd5 8. Nh4
c6 9. cxd5 Nxd5 10. Nf5 Nc7 11. e4 d5 12. Nc3 dxe4 13. Qg4 Bf6 14. Rd1 Nd5 15.
Bh6 Bc8 16. Bxe4 g6 17. Nxd5 cxd5 18. Rxd5 Qe8 19. Bxf8 Kxf8 20. Qf4 Bxf5 21.
Rxf5 gxf5 22. Bxa8 Na6 23. Bf3 Bxb2 24. Rd1 Nc5 25. Qxf5 h6 26. Qf4 Kg7 27. Rd6
f6 28. Qg4+ Kh7 29. Qf5+ Qg6 30. Be4 Qxf5 31. Bxf5+ Kg7 32. Rc6 Be5 33. f4 Bd4+
34. Kg2 Na6 35. Rd6 Bc5 36. Rd7+ Kf8 37. Rxa7 Nb4 38. Be4 Bd4 39. Kf3 Bc5 40.
Kg4 b5 41. Ra8+ Kg7 42. Kf5 h5 43. h3 Bd4 44. Ke6 Bf2 45. g4 hxg4 46. hxg4 Be3
47. g5 fxg5 48. f5 Bd4 49. f6+ 1-0

[Event "Commonwealth Chess Championship 2008"]
[Site "Nagpur India"]
[Date "2008.09.28"]
[Round "?"]
[White "Niaz, Murshed"]
[Black "V N, Ghate"]
[Result "1-0"]
[WhiteElo "2437"]
[BlackElo "1972"]
[PlyCount "89"]
[EventDate "2008.09.28"]
[Source "MonRoi"]

1. Nf3 Nf6 2. c4 c5 3. g3 g6 4. Bg2 Bg7 5. O-O O-O 6. d4 cxd4 7. Nxd4 Nc6 8.
Nc3 Nxd4 9. Qxd4 d6 10. Qh4 Re8 11. Bh6 Qa5 12. Bxg7 Kxg7 13. Qd4 Kg8 14. Rfd1
Rb8 15. Nb5 Bg4 16. h3 a6 17. Nxd6 exd6 18. hxg4 Qg5 19. Bf3 Re6 20. Qf4 h6 21.
b3 Rbe8 22. e3 b6 23. Rd2 R8e7 24. Rxd6 Rxd6 25. Qxd6 Rd7 26. Qf4 Rd2 27. Rd1
Rxa2 28. Rd8+ Kg7 29. Rd6 b5 30. cxb5 axb5 31. Rb6 Ra5 32. b4 Qxf4 33. gxf4
Ra1+ 34. Kg2 g5 35. fxg5 hxg5 36. Rxb5 Kg6 37. Rb6 Ra4 38. Kg3 Kg7 39. Rb7 Ra3
40. b5 Rb3 41. Bc6 Rb4 42. f3 Rb3 43. e4 Re3 44. Kf2 Rd3 45. e5 1-0

[Event "Commonwealth Chess Championship 2008"]
[Site "Nagpur India"]
[Date "2008.09.28"]
[Round "?"]
[White "Tiwari, Pradip"]
[Black "Jayaram, Ashwin"]
[Result "0-1"]
[WhiteElo "1960"]
[BlackElo "2436"]
[PlyCount "84"]
[EventDate "2008.09.28"]
[Source "MonRoi"]

1. e4 c5 2. Nf3 d6 3. d4 cxd4 4. Nxd4 Nf6 5. Nc3 a6 6. Be2 e6 7. Be3 Qc7 8. O-O
Be7 9. Kh1 b5 10. a3 Bb7 11. f3 O-O 12. Qe1 Nbd7 13. Rd1 d5 14. exd5 Nxd5 15.
Nxd5 Bxd5 16. c3 Nc5 17. Nf5 Bf6 18. Qf2 Na4 19. Rxd5 exd5 20. Bd3 Rfe8 21. f4
Rac8 22. Bd4 Re6 23. Bxf6 Rxf6 24. Re1 Re6 25. Qg3 Rxe1+ 26. Qxe1 Kf8 27. Qf2
Re8 28. h3 Qb6 29. Nd4 Nc5 30. Bxh7 Nb3 31. Bf5 Nxd4 32. cxd4 Qa5 33. Qf3 Qe1+
34. Kh2 Qe3 35. Qg4 Qxd4 36. Bd7 Rd8 37. Bc6 Qxb2 38. Bxd5 Rxd5 39. Qc8+ Ke7
40. Qc7+ Rd7 41. Qc5+ Ke8 42. Qc8+ Rd8 0-1

[Event "Commonwealth Chess Championship 2008"]
[Site "Nagpur India"]
[Date "2008.09.28"]
[Round "?"]
[White "Jha, Sriram"]
[Black "Shiv Shankar, Dave"]
[Result "1-0"]
[WhiteElo "2428"]
[BlackElo "1959"]
[PlyCount "57"]
[EventDate "2008.09.28"]
[Source "MonRoi"]

1. d4 f5 2. g3 Nf6 3. Bg2 e6 4. c4 Bb4+ 5. Bd2 Bxd2+ 6. Nxd2 O-O 7. Ngf3 d5 8.
O-O c6 9. Ne5 Nbd7 10. Ndf3 Ne4 11. Qc2 g5 12. Nxd7 Bxd7 13. Ne5 Be8 14. Rac1
Rc8 15. b4 Bh5 16. e3 g4 17. Rfd1 Ng5 18. Qb3 Nf3+ 19. Bxf3 gxf3 20. b5 Kh8 21.
bxc6 bxc6 22. cxd5 cxd5 23. Qb7 a5 24. Nd7 Rxc1 25. Rxc1 Qe7 26. Rc7 Rf7 27.
Qc8+ Kg7 28. Nc5 Qd6 29. Nxe6+ 1-0

[Event "Commonwealth Chess Championship 2008"]
[Site "Nagpur India"]
[Date "2008.09.28"]
[Round "?"]
[White "J  Shetty, Shristi"]
[Black "S P, Sethuraman"]
[Result "0-1"]
[WhiteElo "1959"]
[BlackElo "2425"]
[PlyCount "70"]
[EventDate "2008.09.28"]
[Source "MonRoi"]

1. e4 e5 2. Nf3 Nc6 3. Bb5 a6 4. Ba4 Nf6 5. Bxc6 dxc6 6. d3 Bd6 7. Nbd2 Qe7 8.
Nc4 b5 9. Ne3 O-O 10. O-O Be6 11. c3 c5 12. Ng5 Bd7 13. Qf3 h6 14. Nh3 g6 15.
g4 h5 16. gxh5 Nxh5 17. Nf5 Bxf5 18. exf5 Qf6 19. Kh1 Ng7 20. Bh6 Rfe8 21. Bxg7
Kxg7 22. Rg1 Rh8 23. Rae1 c4 24. Re4 cxd3 25. Ng5 Rh6 26. fxg6 Qxf3+ 27. Nxf3
f5 28. Rh4 Rah8 29. Rxh6 Rxh6 30. Ng5 e4 31. h3 Rxg6 32. h4 d2 33. Rd1 Rh6 34.
Kg2 Rxh4 35. Nh3 f4 0-1

[Event "Commonwealth Chess Championship 2008"]
[Site "Nagpur India"]
[Date "2008.09.28"]
[Round "?"]
[White "P D S, Girinath"]
[Black "Manjunath, Nihal"]
[Result "1-0"]
[WhiteElo "2423"]
[BlackElo "1947"]
[PlyCount "59"]
[EventDate "2008.09.28"]
[Source "MonRoi"]

1. e4 c5 2. Nf3 d6 3. c3 Nf6 4. Bd3 Nc6 5. Bc2 Bg4 6. d3 e6 7. Nbd2 b5 8. h3
Bh5 9. Nf1 Be7 10. Ng3 Bg6 11. O-O O-O 12. Nh4 Nd7 13. Nxg6 hxg6 14. f4 b4 15.
f5 gxf5 16. exf5 bxc3 17. bxc3 e5 18. Qf3 Qc7 19. Bb3 Rac8 20. Nh5 Nf6 21. Bd5
Nb8 22. Bh6 Nxd5 23. Bxg7 Nf4 24. Nxf4 Kxg7 25. f6+ Kxf6 26. Nd5+ Ke6 27. Nxc7+
Rxc7 28. Qg4+ Kd5 29. Rab1 Nd7 30. c4+ 1-0

[Event "Commonwealth Chess Championship 2008"]
[Site "Nagpur India"]
[Date "2008.09.28"]
[Round "?"]
[White "Sembhu, Lolla"]
[Black "Sharma, Himanshu"]
[Result "0-1"]
[WhiteElo "1945"]
[BlackElo "2423"]
[PlyCount "50"]
[EventDate "2008.09.28"]
[Source "MonRoi"]

1. g3 d5 2. Bg2 e5 3. e3 Nf6 4. Ne2 Be7 5. d4 Nbd7 6. Nd2 O-O 7. O-O Re8 8. b3
c6 9. Bb2 e4 10. c4 Nf8 11. Nc3 Bg4 12. f3 exf3 13. Bxf3 Bh3 14. Re1 Ne6 15.
Bh1 Bb4 16. a3 Bxc3 17. Bxc3 Ng5 18. Qc2 Qd7 19. e4 Nfxe4 20. Nf3 h5 21. Nxg5
Nxg5 22. Qd2 f6 23. Qf4 Be6 24. Bg2 dxc4 25. bxc4 Bxc4 0-1

[Event "Commonwealth Chess Championship 2008"]
[Site "Nagpur India"]
[Date "2008.09.28"]
[Round "?"]
[White "K  Gupta, R."]
[Black "Ponnuswamy, Konguvel"]
[Result "0-1"]
[WhiteElo "1935"]
[BlackElo "2415"]
[PlyCount "46"]
[EventDate "2008.09.28"]
[Source "MonRoi"]

1. e4 c5 2. Bc4 e6 3. Nc3 Nc6 4. d3 g6 5. f4 Bg7 6. Nf3 Nge7 7. Be3 d5 8. exd5
exd5 9. Nxd5 Nxd5 10. Bxc5 Qa5+ 11. b4 Ncxb4 12. Qe2+ Be6 13. d4 Nd3+ 14. Kf1
Nxc5 15. Bxd5 O-O 16. Bxe6 Nxe6 17. Qe4 Rfe8 18. Re1 Qxa2 19. Kf2 Rac8 20. Re2
Nc7 21. Qd3 Rxe2+ 22. Kxe2 Nd5 23. Qe4 Nc3+ 0-1

[Event "COMMONWEALTH CHESS CHAMPIONSHIP 2008"]
[Site "Nagpur,India"]
[Date "2008.09.28"]
[Round "1.33"]
[White "Saptarshi, Roy"]
[Black "Mithil, Ajgaonkar"]
[Result "1-0"]
[WhiteElo "2404"]
[BlackElo "1930"]
[PlyCount "127"]
[EventDate "2008.09.28"]
[Source "MonRoi"]

1. e4 c6 2. d4 d5 3. f3 dxe4 4. fxe4 e5 5. Nf3 exd4 6. Bc4 Bb4+ 7. c3 dxc3 8.
Qxd8+ Kxd8 9. bxc3 Bd6 10. Bxf7 Nd7 11. O-O Ngf6 12. Bg5 Rf8 13. Be6 Ne5 14.
Nd4 Bc5 15. Bxc8 Kxc8 16. Nd2 Nfd7 17. N2b3 Bb6 18. Kh1 Re8 19. Nf5 Kc7 20.
Rad1 g6 21. Ng7 Rg8 22. Ne6+ Kc8 23. Nbd4 a6 24. Bf4 Re8 25. Ng7 Rg8 26. Nde6
Ng4 27. Rd2 Nc5 28. Nxc5 Bxc5 29. Ne6 Bb6 30. Bg3 Nh6 31. h3 Re8 32. Rf8 Rxf8
33. Nxf8 Bc5 34. Nxh7 b5 35. Nf6 Ra7 36. e5 Nf5 37. Bf4 g5 38. Ne4 gxf4 39.
Nxc5 Re7 40. e6 Ne3 41. Rd4 Nd5 42. c4 bxc4 43. Rxc4 a5 44. Kh2 Kc7 45. h4 Kd6
46. Kh3 Ne3 47. Rc1 Rg7 48. Ne4+ Kxe6 49. Ng5+ Kd6 50. Rc3 Rg6 51. Ra3 Nc4 52.
Rb3 Ke5 53. Rb8 c5 54. Re8+ Kd5 55. Kg4 Nd6 56. Rd8 c4 57. Kxf4 Rf6+ 58. Ke3
Ke5 59. Rxd6 Rf1 60. Ra6 Re1+ 61. Kd2 Rh1 62. Rxa5+ Kd4 63. Nf3+ Ke4 64. Re5+
1-0

[Event "COMMONWEALTH CHESS CHAMPIONSHIP 2008"]
[Site "Nagpur,India"]
[Date "2008.09.28"]
[Round "1.34"]
[White "Anuja Bombatkar"]
[Black "Das, Arghyadip"]
[Result "0-1"]
[WhiteElo "1927"]
[BlackElo "2404"]
[PlyCount "64"]
[EventDate "2008.09.28"]
[Source "MonRoi"]

1. d4 Nf6 2. Nf3 g6 3. g3 Bg7 4. Bg2 O-O 5. O-O d6 6. c4 Nbd7 7. Nbd2 e5 8. Nb3
Re8 9. dxe5 dxe5 10. Qc2 c5 11. e4 b6 12. Rd1 Qe7 13. Nfd2 Nb8 14. Nf1 Nc6 15.
Ne3 Bb7 16. Nd5 Nxd5 17. exd5 Nd4 18. Nxd4 cxd4 19. b3 Rac8 20. Qd2 b5 21. d6
Qd7 22. Bxb7 Qxb7 23. Qb4 Qd7 24. cxb5 Bf8 25. a4 Bxd6 26. Qd2 Qf5 27. Qe1 h5
28. h4 Rc2 29. Bd2 e4 30. Rac1 e3 31. fxe3 dxe3 32. Bxe3 Bc5 0-1

[Event "COMMONWEALTH CHESS CHAMPIONSHIP 2008"]
[Site "Nagpur,India"]
[Date "2008.09.28"]
[Round "1.35"]
[White "Karthikeyan, P."]
[Black "Darpan, Inani"]
[Result "1-0"]
[WhiteElo "2402"]
[BlackElo "1925"]
[PlyCount "74"]
[EventDate "2008.09.28"]
[Source "MonRoi"]

1. d4 Nf6 2. c4 e6 3. Nc3 Bb4 4. Qc2 c5 5. dxc5 Qc7 6. a3 Bxc5 7. Nf3 a6 8. e3
Be7 9. Bd3 b6 10. e4 d6 11. O-O Bb7 12. b4 Nbd7 13. Bb2 Rc8 14. Rac1 O-O 15. h3
Rfe8 16. Rfe1 Qb8 17. Qe2 Nh5 18. g3 Nhf6 19. Qe3 Qa8 20. Nd2 Bd8 21. Bf1 Bc7
22. Qd4 Qb8 23. Bg2 Ba8 24. Qd3 Rcd8 25. f4 Rf8 26. Bf3 Bb7 27. Ne2 Qa8 28. Nd4
g6 29. Nc2 d5 30. cxd5 exd5 31. e5 Ne4 32. Nd4 Bxe5 33. fxe5 Nxe5 34. Qe3 Nxd2
35. Qxe5 Rde8 36. Qf6 Qb8 37. Nf5 Nxf3+ 1-0

[Event "COMMONWEALTH CHESS CHAMPIONSHIP 2008"]
[Site "Nagpur,India"]
[Date "2008.09.28"]
[Round "1.36"]
[White "Sree, Lakshmi V"]
[Black "Akshayraj, Kore"]
[Result "0-1"]
[WhiteElo "1921"]
[BlackElo "2392"]
[PlyCount "84"]
[EventDate "2008.09.28"]
[Source "MonRoi"]

1. d4 Nf6 2. Nf3 g6 3. Nc3 Bg7 4. e4 d6 5. Be3 c6 6. Qd2 b5 7. Bd3 Bg4 8. Bh6
Bxh6 9. Qxh6 Bxf3 10. gxf3 e5 11. dxe5 dxe5 12. O-O-O Qe7 13. Bxb5 cxb5 14.
Nxb5 Nbd7 15. Nc7+ Kd8 16. Nxa8 Kc8 17. Qe3 Nc5 18. b4 Ne6 19. Nb6+ axb6 20.
Qxb6 Qc7 21. Qa6+ Qb7 22. Rd6 Qxa6 23. Rxa6 Kb7 24. b5 Rc8 25. Rd1 Ne8 26. a4
Nc5 27. Rc6 Rxc6 28. bxc6+ Kxc6 29. Rd8 Nd6 30. a5 Ne6 31. Rb8 Kc7 32. Rb1 Nc5
33. Ra1 Kb7 34. Rb1+ Kc7 35. Ra1 Nb5 36. Rb1 Nd4 37. Rb6 Nxf3 38. Rf6 Ng5 39.
f3 Nd7 40. Ra6 Ne6 41. Ra7+ Kc8 42. a6 Nc7 0-1

[Event "COMMONWEALTH CHESS CHAMPIONSHIP 2008"]
[Site "Nagpur,India"]
[Date "2008.09.28"]
[Round "1.38"]
[White "Santhosbaala, R S."]
[Black "Mas, Hafizulhelmi"]
[Result "0-1"]
[WhiteElo "1915"]
[BlackElo "2385"]
[PlyCount "70"]
[EventDate "2008.09.28"]
[Source "MonRoi"]

1. e4 c5 2. Nf3 d6 3. d4 cxd4 4. Nxd4 Nf6 5. Nc3 a6 6. Be2 e5 7. Nb3 Be6 8. O-O
Nbd7 9. f4 Rc8 10. f5 Bc4 11. Bxc4 Rxc4 12. Qd3 Qc7 13. Kh1 Be7 14. Be3 O-O 15.
Rae1 Rc8 16. Re2 b5 17. a3 h6 18. g4 d5 19. Nxd5 Nxd5 20. exd5 Rxg4 21. Rg1
Rxg1+ 22. Kxg1 Nf6 23. Rd2 Rd8 24. c3 Nxd5 25. Qe4 Qc4 26. Qxe5 Bf6 27. Qg3
Qxb3 28. Bxh6 Qc4 29. Bxg7 Qc5+ 30. Kh1 Bxg7 31. f6 Qf8 32. fxg7 Qe7 33. h4 Nf6
34. Rg2 Rd1+ 35. Kh2 Qd6 0-1

[Event "COMMONWEALTH CHESS CHAMPIONSHIP 2008"]
[Site "Nagpur,India"]
[Date "2008.09.28"]
[Round "1.40"]
[White "Ayush Jugele"]
[Black "Lodhi, Mahmood"]
[Result "0-1"]
[WhiteElo "1904"]
[BlackElo "2379"]
[PlyCount "94"]
[EventDate "2008.09.28"]
[Source "MonRoi"]

1. d4 d5 2. Nc3 Nf6 3. Bg5 c6 4. Nf3 g6 5. Bxf6 exf6 6. e4 dxe4 7. Nxe4 Bg7 8.
Qd2 Qe7 9. O-O-O O-O 10. Bd3 Be6 11. Kb1 Nd7 12. Rhe1 a5 13. Nc3 Nb6 14. g4 Qc7
15. Rxe6 fxe6 16. h4 Nd5 17. Ne4 Qf4 18. Qxf4 Nxf4 19. Bc4 b5 20. Bf1 Rad8 21.
Nc5 f5 22. g5 e5 23. Nb7 e4 24. Nxd8 Rxd8 25. Nd2 Rxd4 26. c3 Rd7 27. Kc2 a4
28. b3 axb3+ 29. axb3 Kf7 30. Ra1 Nd3 31. Ra6 Ne1+ 32. Kc1 Bxc3 33. Nb1 Be5 34.
Rxc6 Bf4+ 35. Kb2 Nd3+ 36. Bxd3 exd3 37. Nc3 b4 38. Nd1 Rd4 39. Rc4 Be5 40.
Rxd4 Bxd4+ 41. Kc1 Bc3 42. Ne3 Ke6 43. Kd1 Ke5 44. Kc1 Ke4 45. Kd1 Kf3 46. Nd5
Kxf2 47. Nxc3 bxc3 0-1

[Event "COMMONWEALTH CHESS CHAMPIONSHIP 2008"]
[Site "Nagpur,India"]
[Date "2008.09.28"]
[Round "1.42"]
[White "Rahul, Joshi"]
[Black "Ravi, Lanka"]
[Result "0-1"]
[WhiteElo "1902"]
[BlackElo "2371"]
[PlyCount "112"]
[EventDate "2008.09.28"]
[Source "MonRoi"]

1. e4 c5 2. d4 cxd4 3. c3 Nf6 4. e5 Nd5 5. Bc4 Nb6 6. Bb3 d5 7. exd6 e6 8. cxd4
Qxd6 9. Nf3 Be7 10. Nc3 Nc6 11. O-O O-O 12. Be3 Bd7 13. d5 Nxd5 14. Nxd5 exd5
15. Qxd5 Qxd5 16. Bxd5 Bf6 17. Bxc6 Bxc6 18. Bd4 Be7 19. Ne5 Bd5 20. Ng4 Rfd8
21. Rfd1 f6 22. Ne3 Be6 23. b3 Rd7 24. Bb2 Rad8 25. Rxd7 Rxd7 26. Rd1 Bd6 27.
g3 Kf7 28. Nc4 Bc7 29. Rxd7+ Bxd7 30. Bd4 b5 31. Ne3 a5 32. Kf1 Ke6 33. Ke2 g5
34. Bc3 f5 35. Nc2 b4 36. Bd2 Bb5+ 37. Kd1 Kf6 38. Be3 f4 39. gxf4 gxf4 40.
Bd4+ Kg5 41. Ne1 Kg4 42. f3+ Kh3 43. Bg1 Be5 44. Bb6 a4 45. bxa4 Bxa4+ 46. Ke2
Kxh2 47. Nd3 Bb5 48. Bc5 Bc3 49. Bd6 Bxd3+ 50. Kxd3 Kg3 51. a3 bxa3 52. Bxa3 h5
53. Ke2 h4 54. Kf1 Bd4 55. Bd6 h3 56. Bb8 Kxf3 0-1

[Event "COMMONWEALTH CHESS CHAMPIONSHIP 2008"]
[Site "Nagpur,India"]
[Date "2008.09.28"]
[Round "1.44"]
[White "Srivastava, V K."]
[Black "Shyam, Nikil P"]
[Result "0-1"]
[WhiteElo "1891"]
[BlackElo "2364"]
[PlyCount "52"]
[EventDate "2008.09.28"]
[Source "MonRoi"]

1. e4 c5 2. Nf3 d6 3. d4 cxd4 4. Nxd4 Nf6 5. Nc3 a6 6. Bg5 e6 7. f4 Nc6 8. Qd2
h6 9. Bh4 Nxe4 10. Nxe4 Qxh4+ 11. g3 Qd8 12. O-O-O d5 13. Nc3 Be7 14. Kb1 Bf6
15. Nxc6 bxc6 16. Ne2 Rb8 17. c3 Bd7 18. Nd4 Qb6 19. Bg2 a5 20. Rhe1 O-O 21.
Re2 c5 22. Nf3 Bb5 23. Ree1 Rb7 24. Ka1 Rfb8 25. Rb1 Bc4 26. g4 Bxa2 0-1